Statistics for James Bond Movies by Locations #2

Click here to take the quiz!

General Stats

  • This quiz has been taken 165 times
    (135 since last reset)
  • The average score is 6 of 9

Answer Stats

HintAnswer% Correct
Madagascar, Bahamas, Miami, MontenegroCasino Royale (2006)
89%
Istanbul, Zagreb, VeniceFrom Russia with Love
82%
Siberia, Ascot, Paris, San FranciscoA View to a Kill
81%
Mexico City, Rome, Austria, MoroccoSpectre
78%
Austria, Egypt, Sardinia, AtlantisThe Spy Who Loved Me
78%
Lake Garda, Siena, Bregenz, La Paz, Atacama desert, KazanQuantum of Solace
74%
Portugal, Bern, Lauterbrennen (Switzerland)On Her Majesty's Secret Service
71%
Bilbao, Azerbaijan, Kazakhstan, IstanbulThe World Is Not Enough
65%
Bahamas, Nice, North AfricaNever Say Never Again
25%

Score Distribution

Percentile by Number Answered

Percent of People with Each Score

Your Score History

You have not taken this quiz since the last reset